000 00857cam a2200229 4500
001 ABS61748
008 000000n1999 000 0 eng u
035 _a(Sirsi) u103648
100 _aMinogue, A.
245 _aClash points
260 _c1999
490 _aBuilding
_v264(8117) 17 December 1999, 46(1)
520 _aArgues for and against trying to enforce a contract clause that requires a bond and guarantee from a supplier, as illustrated by "Chiemgauer Membran und Zeltbau GmbH (Koch) v New Millennium Experience Company Ltd".
590 _aABS
650 _aPROCEDURAL OBLIGATIONS
650 _aCONTRACT CLAUSES
650 _aCHIEMGAUER MEMBRAN UND ZELTBAU GMBH (KOCH) V NEW MILLENNIUM EXPERIENCE COMPANY LTD
650 _aPERFORMANCE BONDS
690 _aBUILT ENVIRONMENT-BUILDING CONTRACT FORMS
700 _aKlein, R.
942 _n0
999 _c62240
_d62240